Sports Quiz

Random Sports or City Quiz
Score 0/12 Timer 02:00
3 Plays Today
% Correct
       Rio de Janeiro
(Estádio do Maracanã)
92.5%
São Paulo
(Arena Corinthians)
82.6%
Brasília
(Estádio Nacional
Mané Garrincha)
81.4%
Manaus
(Arena Amazônia)
70.5%
Belo Horizonte
(Estádio Mineirão)
55.3%
Recife
(Arena Pernambuco)
50.1%
Salvador
(Arena Fonte
Nova)
46.7%
Porto Alegre
(Estádio Beira-Rio)
45.5%
Fortaleza
(Estádio Castelão)
44.3%
Natal
(Arena das Dunas)
38.6%
Curitiba
(Arena da Baixada)
37.1%
Cuiabá
(Arena Pantanal)
27.4%

You're not logged in!

Compare scores with friends on all Sporcle quizzes.
OR
Log In

Sporcle TV

Today on Sporcle TV


Watch our educational content, quiz creation guides, and fun videos on Sporcle TV.

Show Comments

Extras

Top Quizzes Today


Score Distribution

Your Account Isn't Verified!

In order to create a playlist on Sporcle, you need to verify the email address you used during registration. Go to your Sporcle Settings to finish the process.

Report this User

Report this user for behavior that violates our Community Guidelines.

Details: